Communication technology : The new media in society

Zapisane w:
Opis bibliograficzny
1. autor: Rogers, Everett M.
Format: Książka
Język:Undetermined
Wydane: New York The Free Press 1986
Hasła przedmiotowe:
Etykiety: Dodaj etykietę
Nie ma etykietki, Dołącz pierwszą etykiete!
Thư viện lưu trữ: Trung tâm Học liệu Trường Đại học Cần Thơ
LEADER 00564nam a2200193Ia 4500
001 CTU_86930
008 210402s9999 xx 000 0 und d
082 |a 621.38 
082 |b R722 
100 |a Rogers, Everett M. 
245 0 |a Communication technology : 
245 4 |b The new media in society 
245 0 |c Everett M. Rogers 
260 |a New York 
260 |b The Free Press 
260 |c 1986 
650 |a Telecommunication,Interactive computer systems,Teleconferencing 
904 |i Tuyến 
980 |a Trung tâm Học liệu Trường Đại học Cần Thơ